[Event "GBR-ch 103th"]
[Site "Bournemouth"]
[Date "2016.07.27"]
[Round "3.7"]
[White "Pert, Richard G"]
[Black "Waddington, Mike P"]
[Result "1-0"]
[WhiteElo "2441"]
[BlackElo "2018"]
[PlyCount "159"]
[EventDate "2016.07.25"]
[EventType "swiss"]
[EventRounds "11"]
[EventCountry "GBR"]

1. e4 e5 2. Nf3 Nc6 3. Bc4 Bc5 4. b4 Bxb4 5. c3 Ba5 6. d4 d6 7. Qb3 Qd7 8. dxe5
dxe5 9. O-O Qe7 10. a4 Bb6 11. a5 Bxa5 12. Nbd2 Bb6 13. Ba3 Qf6 14. Bd5 Nge7
15. Nc4 O-O 16. Bxc6 bxc6 17. Ncxe5 Re8 18. c4 Be6 19. Qc2 Bd4 20. Bxe7 Rxe7
21. Nxd4 Qxe5 22. Nxc6 Qc5 23. Nxe7+ Qxe7 24. c5 a5 25. Rfb1 h5 26. Rb5 Qf6 27.
Rab1 Qf4 28. Qe2 c6 29. Rb6 h4 30. Rxc6 a4 31. Ra6 Rc8 32. Rxa4 Rxc5 33. Qe3
Qxe3 34. fxe3 h3 35. gxh3 Rc2 36. e5 Rc5 37. Kf2 Rxe5 38. h4 Kh7 39. Rb2 Rc5
40. Rf4 Ra5 41. Rd2 Kg6 42. Kf3 Bd5+ 43. Kg3 Be6 44. Rd8 Ra3 45. Rf3 Kh7 46.
Rd2 Kg6 47. Rd1 Ra4 48. Rf4 Ra3 49. Kf3 Ra2 50. Kg3 Ra3 51. Rf3 Ra4 52. Rd4 Ra2
53. Rf2 Ra3 54. Kf4 Ra5 55. Rg2+ Kf6 56. Rg5 Ra1 57. Rd2 Rf1+ 58. Kg3 Rg1+ 59.
Rg2 Rxg2+ 60. Kxg2 g6 61. Kg3 Bb3 62. Kf4 Bd1 63. Rd5 Be2 64. Rd6+ Kg7 65. Kg5
Bf3 66. Rf6 Be4 67. Rf4 Bd3 68. h5 gxh5 69. Kxh5 Bg6+ 70. Kg5 Bd3 71. h4 Bc2
72. h5 Bb3 73. e4 Bc4 74. e5 Be6 75. Rf2 Bd5 76. h6+ Kf8 77. Kf6 Kg8 78. Rd2
Be6 79. Rd8+ Kh7 80. Rf8 1-0

[Event "GBR-ch 103th"]
[Site "Bournemouth"]
[Date "2016.07.27"]
[Round "3.8"]
[White "Lentzos, Ioannis"]
[Black "Tan, Justin"]
[Result "0-1"]
[WhiteElo "2016"]
[BlackElo "2438"]
[PlyCount "60"]
[EventDate "2016.07.25"]
[EventType "swiss"]
[EventRounds "11"]
[EventCountry "GBR"]

1. e4 e6 2. d4 d5 3. Nd2 h6 4. c3 c5 5. exd5 exd5 6. Ngf3 Nf6 7. Bb5+ Bd7 8.
Qe2+ Be7 9. Ne5 O-O 10. Nxd7 Nbxd7 11. Nf3 c4 12. Ba4 Bd6 13. O-O Qc7 14. Bc2
Rae8 15. Qd1 b5 16. g3 Re6 17. Nh4 Rfe8 18. Nf5 Bf8 19. Bf4 Qc6 20. h4 Ne4 21.
Kg2 Rf6 22. Qg4 h5 23. Qxh5 g6 24. Qg4 Rxf5 25. Rae1 Ndf6 26. Qh3 Rxf4 27. gxf4
Nh5 28. Qf3 Nd2 29. Qg4 Nxf1 30. Rxf1 Qe6 0-1

[Event "GBR-ch 103th"]
[Site "Bournemouth"]
[Date "2016.07.27"]
[Round "3.9"]
[White "Emms, John M"]
[Black "Britton, Richard L"]
[Result "1-0"]
[WhiteElo "2467"]
[BlackElo "2188"]
[PlyCount "125"]
[EventDate "2016.07.25"]
[EventType "swiss"]
[EventRounds "11"]
[EventCountry "GBR"]

1. e4 c5 2. c3 Nf6 3. e5 Nd5 4. Nf3 Nc6 5. Bc4 Nb6 6. Bb3 d5 7. exd6 e6 8. d4
cxd4 9. cxd4 Bxd6 10. O-O Ne7 11. Nc3 Bd7 12. Re1 Bc6 13. Ng5 g6 14. Qg4 Bd5
15. Nxd5 exd5 16. Qh3 h6 17. Bd2 Qd7 18. Qh4 Kf8 19. Nf3 Kg7 20. Ne5 Qf5 21.
Re3 Qg5 22. Qh3 Nf5 23. Rg3 Qf6 24. Rf3 Bxe5 25. dxe5 Qe6 26. Bc3 Rac8 27. Re1
Nd7 28. Rd3 Ne7 29. Qf3 Nb6 30. Qf6+ Kh7 31. Rf3 Nf5 32. Qxe6 fxe6 33. g4 Nh4
34. Rf7+ Kg8 35. Rf6 Nd7 36. Rxe6 Nf3+ 37. Kf1 Nxe1 38. Kxe1 Nc5 39. Rxg6+ Kh7
40. Bc2 Ne4 41. Rd6 Kg8 42. Bxe4 dxe4 43. Ke2 Rh7 44. Ke3 Rf8 45. Rg6+ Rg7 46.
Rxh6 Rxg4 47. e6 Rf3+ 48. Ke2 Rxc3 49. bxc3 Rg5 50. Rf6 Re5 51. Ke3 Kg7 52.
Rf7+ Kg6 53. Rxb7 Rxe6 54. Rxa7 Rf6 55. c4 Rf3+ 56. Kxe4 Rxf2 57. Kd5 Kf6 58.
h4 Rd2+ 59. Kc6 Rd4 60. c5 Rxh4 61. Ra3 Ke7 62. Rd3 Ke8 63. a3 1-0

[Event "GBR-ch 103th"]
[Site "Bournemouth"]
[Date "2016.07.27"]
[Round "3.10"]
[White "Nelson, Jonathan P"]
[Black "Arkell, Keith C"]
[Result "0-1"]
[WhiteElo "2207"]
[BlackElo "2455"]
[PlyCount "102"]
[EventDate "2016.07.25"]
[EventType "swiss"]
[EventRounds "11"]
[EventCountry "GBR"]

1. e4 c5 2. c3 d6 3. d4 Nf6 4. Bd3 Nc6 5. d5 Ne5 6. Be2 e6 7. f4 Ned7 8. dxe6
fxe6 9. e5 dxe5 10. Nf3 Qc7 11. O-O e4 12. Ng5 Qc6 13. Na3 a6 14. Nc4 Be7 15.
Ne5 Qd5 16. Bc4 Qxd1 17. Rxd1 Nxe5 18. fxe5 Nd5 19. Nxe4 Bd7 20. Bxd5 exd5 21.
Rxd5 Bc6 22. Nd6+ Kd7 23. Rd1 Ke6 24. Be3 b6 25. b4 cxb4 26. cxb4 Rab8 27. Bf2
Rhf8 28. Bg3 Bg5 29. Rf1 Be3+ 30. Kh1 b5 31. Rad1 Rbd8 32. h3 Bd5 33. a3 g5 34.
Kh2 h5 35. h4 Bf4 36. hxg5 Bxg5 37. Kh3 Be7 38. Bf4 h4 39. Bh2 Rg8 40. Rd2 Rdf8
41. Rfd1 Ba8 42. Re1 Bxg2+ 43. Rxg2 Rf3+ 44. Bg3 Rfxg3+ 45. Rxg3 Rxg3+ 46. Kh2
Bxd6 47. exd6+ Kxd6 48. Re4 Rxa3 49. Rxh4 Kd5 50. Kg2 Re3 51. Kf2 Re4 0-1

[Event "GBR-ch 103th"]
[Site "Bournemouth"]
[Date "2016.07.27"]
[Round "3.11"]
[White "Ward, Chris G"]
[Black "Jones, Steven A"]
[Result "1-0"]
[WhiteElo "2437"]
[BlackElo "2186"]
[PlyCount "119"]
[EventDate "2016.07.25"]
[EventType "swiss"]
[EventRounds "11"]
[EventCountry "GBR"]

1. d4 Nf6 2. c4 g6 3. Nc3 Bg7 4. e4 d6 5. Nge2 O-O 6. Ng3 e5 7. d5 c6 8. Be2
cxd5 9. cxd5 Nbd7 10. O-O a6 11. Be3 h5 12. Qc2 h4 13. Nh1 Ne8 14. f3 f5 15.
exf5 gxf5 16. Nf2 Qf6 17. Kh1 Bh6 18. Bxh6 Qxh6 19. f4 Ng7 20. Nh3 Nh5 21. fxe5
Nxe5 22. Bxh5 Qxh5 23. Nf4 Qh6 24. Nce2 Bd7 25. Nd4 Rac8 26. Qb3 Rc4 27. Nfe6
Bxe6 28. dxe6 Re8 29. Nxf5 Qxe6 30. Qxb7 Nf7 31. Qf3 Qe2 32. Nxh4 Qxf3 33. Nxf3
Rc2 34. b4 Ne5 35. Nxe5 Rxe5 36. Rfc1 Rxc1+ 37. Rxc1 Re2 38. h3 Rxa2 39. Rd1
Rb2 40. Rxd6 Rxb4 41. Rxa6 Kg7 42. Kh2 Rb3 43. h4 Rc3 44. g3 Rb3 45. Kh3 Rb1
46. h5 Rb4 47. g4 Rc4 48. Rg6+ Kh7 49. Re6 Ra4 50. g5 Kg7 51. Re7+ Kg8 52. g6
Rb4 53. h6 Rb3+ 54. Kg4 Rb8 55. Kf5 Ra8 56. Kf6 Rf8+ 57. Ke6 Ra8 58. Rd7 Re8+
59. Kd6 Ra8 60. Ke7 1-0

[Event "GBR-ch 103th"]
[Site "Bournemouth"]
[Date "2016.07.27"]
[Round "3.12"]
[White "Taylor, Adam A"]
[Black "Kolbus, Dietmar"]
[Result "0-1"]
[WhiteElo "2168"]
[BlackElo "2315"]
[PlyCount "42"]
[EventDate "2016.07.25"]
[EventType "swiss"]
[EventRounds "11"]
[EventCountry "GBR"]

1. Nf3 Nf6 2. g3 g6 3. Bg2 Bg7 4. O-O O-O 5. d4 d5 6. c4 dxc4 7. Na3 Nc6 8.
Nxc4 Be6 9. b3 Bd5 10. Bb2 a5 11. Rc1 a4 12. Ne3 a3 13. Ba1 Be4 14. Ne5 Bxg2
15. Kxg2 Nb4 16. Qd2 Nbd5 17. Rfd1 Bh6 18. f4 Bxf4 19. gxf4 Ne4 20. Nxd5 Nxd2
21. Nc3 Ne4 0-1

[Event "GBR-ch 103th"]
[Site "Bournemouth"]
[Date "2016.07.27"]
[Round "3.13"]
[White "Gill, Oliver"]
[Black "Osborne, Marcus E"]
[Result "1-0"]
[WhiteElo "2102"]
[BlackElo "2244"]
[PlyCount "99"]
[EventDate "2016.07.25"]
[EventType "swiss"]
[EventRounds "11"]
[EventCountry "GBR"]

1. e4 e6 2. d4 d5 3. Bd3 dxe4 4. Bxe4 Nf6 5. Bf3 c5 6. Ne2 Nc6 7. Be3 cxd4 8.
Nxd4 Ne5 9. O-O Be7 10. c4 O-O 11. Be2 Qc7 12. Nd2 Rd8 13. h3 a6 14. Qc2 Bc5
15. N2b3 Ba7 16. Rfd1 Ng6 17. Bg5 Bd7 18. c5 Nf4 19. Bf3 Rac8 20. Bxf4 Qxf4 21.
Bxb7 Bb8 22. g3 Qh6 23. Bxc8 Rxc8 24. c6 Be8 25. h4 Nd5 26. Qd2 Qg6 27. Qg5 Ba7
28. Nf5 exf5 29. Rxd5 Qxc6 30. Rc1 Qxd5 31. Rxc8 Kf8 32. Qd2 Qe4 33. Qd6+ Kg8
34. Nc5 Bxc5 35. Qxc5 f4 36. gxf4 Qe6 37. f5 Qe1+ 38. Kh2 Qe4 39. Kg3 h5 40.
Qc4 Qe1 41. Qc1 Qe2 42. Qe3 Qg4+ 43. Kh2 Qxh4+ 44. Kg1 Qg4+ 45. Kf1 Kh7 46.
Rxe8 h4 47. Re4 Qd1+ 48. Kg2 Qd5 49. Qf3 Qd8 50. Qh5+ 1-0

[Event "GBR-ch 103th"]
[Site "Bournemouth"]
[Date "2016.07.27"]
[Round "3.14"]
[White "Fodor, Tamas Jr"]
[Black "Wall, Tim P"]
[Result "1-0"]
[WhiteElo "2505"]
[BlackElo "2162"]
[PlyCount "81"]
[EventDate "2016.07.25"]
[EventType "swiss"]
[EventRounds "11"]
[EventCountry "GBR"]

1. Nf3 d5 2. g3 c6 3. Bg2 Bg4 4. c4 e6 5. O-O Bd6 6. d3 Nf6 7. Nc3 Nbd7 8. cxd5
exd5 9. Qc2 O-O 10. e4 Re8 11. h3 dxe4 12. dxe4 Be6 13. Nd4 Nf8 14. Be3 Qa5 15.
Rad1 Rad8 16. a3 Bc8 17. f4 Qh5 18. Qe2 Qg6 19. e5 Nh5 20. Ne4 Bxh3 21. Bxh3
Nxg3 22. Nxg3 Qxg3+ 23. Bg2 Bc5 24. Rf3 Qg4 25. Rd2 Bb6 26. Qf2 Ng6 27. Rg3 Qc8
28. Be4 Qc7 29. Nf5 Rxd2 30. Qxd2 Rd8 31. Qf2 Rd1+ 32. Kh2 Qd7 33. Rg2 Bxe3 34.
Qxe3 Rf1 35. Rd2 Qe8 36. Qd3 Rxf4 37. Qd8 Kf8 38. Qc7 Rxe4 39. Rd8 Rxe5 40.
Rxe8+ Rxe8 41. Nd6 1-0

[Event "GBR-ch 103th"]
[Site "Bournemouth"]
[Date "2016.07.27"]
[Round "3.15"]
[White "Graham, David B"]
[Black "Palliser, Richard JD"]
[Result "0-1"]
[WhiteElo "2152"]
[BlackElo "2422"]
[PlyCount "86"]
[EventDate "2016.07.25"]
[EventType "swiss"]
[EventRounds "11"]
[EventCountry "GBR"]

1. e4 c5 2. Nc3 Nc6 3. f4 g6 4. Nf3 Bg7 5. Bc4 e6 6. f5 exf5 7. d3 Nge7 8. O-O
d6 9. Qe1 h6 10. Qg3 g5 11. h4 Bxc3 12. bxc3 f4 13. Qe1 Ne5 14. hxg5 Nxf3+ 15.
Rxf3 hxg5 16. Bb2 Bg4 17. Bb5+ Kf8 18. c4 Rh6 19. Qc3 f6 20. Rff1 Kg7 21. Kf2
Qh8 22. Rh1 Rf8 23. Rxh6 Qxh6 24. Rg1 Qh4+ 25. Kf1 Qg3 26. d4 Ng6 27. Qxg3 fxg3
28. Rh1 b6 29. Bc3 cxd4 30. Bxd4 Ne5 31. Ke1 Ng6 32. Kd2 Nf4 33. a4 Nxg2 34.
Rg1 Bf3 35. Bd7 Bxe4 36. Bh3 Rh8 37. Bxg2 Rh2 38. Ke3 Bxg2 39. a5 Kg6 40. axb6
axb6 41. Bxb6 f5 42. c5 f4+ 43. Kd3 dxc5 0-1

[Event "GBR-ch 103th"]
[Site "Bournemouth"]
[Date "2016.07.27"]
[Round "3.16"]
[White "Harvey, Marcus R"]
[Black "Hackner, Oskar A"]
[Result "1-0"]
[WhiteElo "2324"]
[BlackElo "2156"]
[PlyCount "47"]
[EventDate "2016.07.25"]
[EventType "swiss"]
[EventRounds "11"]
[EventCountry "GBR"]

1. Nf3 Nf6 2. b3 c5 3. Bb2 b6 4. e3 e6 5. Be2 Be7 6. O-O O-O 7. d4 cxd4 8. exd4
Bb7 9. c4 d5 10. Nc3 Nc6 11. Ne5 dxc4 12. Nxc6 Bxc6 13. bxc4 Qd7 14. Qb3 Qb7
15. g3 Rfd8 16. Rfd1 Rd7 17. Rd3 Rad8 18. Rad1 Qa8 19. f3 Rxd4 20. Nd5 Rxd3 21.
Nxe7+ Kf8 22. Rxd3 Kxe7 23. Ba3+ Ke8 24. Qb4 1-0

[Event "GBR-ch 103th"]
[Site "Bournemouth"]
[Date "2016.07.27"]
[Round "3.17"]
[White "Claridge-Hansen, William"]
[Black "Zhang, Anthony Y"]
[Result "1-0"]
[WhiteElo "2299"]
[BlackElo "2149"]
[PlyCount "127"]
[EventDate "2016.07.25"]
[EventType "swiss"]
[EventRounds "11"]
[EventCountry "GBR"]

1. c4 e5 2. g3 Nf6 3. Bg2 c6 4. d4 Bb4+ 5. Bd2 Bxd2+ 6. Qxd2 d6 7. Nc3 O-O 8.
e3 Be6 9. Rd1 Na6 10. b3 exd4 11. Qxd4 Nb4 12. Qd2 Bf5 13. e4 Re8 14. Nge2 Nxe4
15. Bxe4 Bxe4 16. Nxe4 Rxe4 17. Qxb4 Qe7 18. Rd2 Re8 19. O-O c5 20. Qa4 Rxe2
21. Rxe2 Qxe2 22. Qxa7 b5 23. cxb5 Qxb5 24. Qc7 Qb8 25. Qc6 Qa8 26. Qb5 Rb8 27.
Qe2 h6 28. Rd1 d5 29. Rc1 Qa5 30. Qe5 Rd8 31. Rc2 Qb4 32. Kg2 Qa5 33. h4 Qa8
34. Kh2 c4 35. Qd4 cxb3 36. axb3 Qb7 37. b4 Rb8 38. Qf4 Rc8 39. Rxc8+ Qxc8 40.
Kg1 Qd7 41. Qd4 h5 42. f3 Qf5 43. Kf2 Qc2+ 44. Ke3 Qc1+ 45. Qd2 Qc4 46. Qb2 Kf8
47. b5 d4+ 48. Kf2 Qc5 49. Ke2 Qe5+ 50. Kd3 Qf5+ 51. Kc4 Qxf3 52. Qxd4 Ke7 53.
Qe5+ Kf8 54. Qd6+ Ke8 55. b6 Qe4+ 56. Kb5 Qb1+ 57. Ka6 Qa2+ 58. Kb7 Qa5 59. Kc8
Qc3+ 60. Qc7 Qd3 61. Qe5+ Kf8 62. b7 Qa6 63. Qc5+ Ke8 64. Kc7 1-0

[Event "GBR-ch 103th"]
[Site "Bournemouth"]
[Date "2016.07.27"]
[Round "3.18"]
[White "Smith, Andrew P"]
[Black "Duncan, Chris R"]
[Result "0-1"]
[WhiteElo "2145"]
[BlackElo "2292"]
[PlyCount "62"]
[EventDate "2016.07.25"]
[EventType "swiss"]
[EventRounds "11"]
[EventCountry "GBR"]

1. e4 c5 2. Nf3 d6 3. d4 cxd4 4. Nxd4 Nf6 5. Nc3 g6 6. Be3 Bg7 7. f3 Nc6 8. Qd2
O-O 9. Bc4 Bd7 10. O-O-O Rc8 11. Bb3 Ne5 12. h4 h5 13. Bh6 Bxh6 14. Qxh6 Rxc3
15. bxc3 Qc7 16. Qe3 Rc8 17. Kb2 a5 18. a3 a4 19. Ba2 Qb6+ 20. Ka1 Qc5 21. c4
Kg7 22. Qc3 b5 23. Rd2 Qa7 24. Qe3 Qa5 25. Rc1 bxc4 26. Ne2 c3 27. Rdd1 Bb5 28.
Ng3 Bc4 29. Qg5 Qc5 30. Nf5+ Kf8 31. Rxd6 Ng8 0-1

[Event "GBR-ch 103th"]
[Site "Bournemouth"]
[Date "2016.07.27"]
[Round "3.19"]
[White "Kalaiyalahan, Akshaya"]
[Black "Mason, Donald J"]
[Result "0-1"]
[WhiteElo "2288"]
[BlackElo "2143"]
[PlyCount "124"]
[EventDate "2016.07.25"]
[EventType "swiss"]
[EventRounds "11"]
[EventCountry "GBR"]

1. d4 e6 2. c4 f5 3. Nf3 Nf6 4. g3 Be7 5. Bg2 O-O 6. O-O d6 7. Nc3 a5 8. Qc2
Nc6 9. e4 e5 10. dxe5 dxe5 11. Rd1 Qe8 12. Nd5 fxe4 13. Nxf6+ Bxf6 14. Qxe4 Qh5
15. Be3 Bf5 16. Qd5+ Kh8 17. Nd2 Rad8 18. Qb5 Nd4 19. Bxd4 Rxd4 20. Bf3 Bg4 21.
Bxg4 Qxg4 22. f3 Qf5 23. f4 Rfd8 24. Nf1 Qd7 25. Qxd7 R8xd7 26. Re1 e4 27. Ne3
Rd2 28. Nd5 Bxb2 29. Rxe4 Kg8 30. Rae1 c6 31. Ne7+ Kf7 32. Nf5 Rd1 33. Rxd1
Rxd1+ 34. Kf2 Bf6 35. c5 Rd2+ 36. Re2 Rxe2+ 37. Kxe2 Ke6 38. Nd6 b5 39. Ne4 Kd5
40. Kd3 Be7 41. f5 h6 42. g4 Bxc5 43. f6 gxf6 44. Nxf6+ Ke6 45. Ne4 Bd6 46. h4
Be7 47. g5 hxg5 48. hxg5 Kf5 49. Kd4 b4 50. Nd2 Kxg5 51. Nb3 a4 52. Na5 b3 53.
axb3 a3 54. b4 Bxb4 55. Nb3 c5+ 56. Kd3 Kf4 57. Nc1 Ke5 58. Kc4 Ke4 59. Kb3 Kd4
60. Na2 Kd3 61. Nc1+ Kd2 62. Na2 Kd1 0-1

[Event "GBR-ch 103th"]
[Site "Bournemouth"]
[Date "2016.07.27"]
[Round "3.20"]
[White "Longson, Sarah N"]
[Black "Hill, Alistair"]
[Result "0-1"]
[WhiteElo "2117"]
[BlackElo "2257"]
[PlyCount "138"]
[EventDate "2016.07.25"]
[EventType "swiss"]
[EventRounds "11"]
[EventCountry "GBR"]

1. e4 c5 2. Nf3 Nc6 3. d4 cxd4 4. Nxd4 Nf6 5. Nc3 e5 6. Ndb5 d6 7. Bg5 a6 8.
Na3 b5 9. Bxf6 gxf6 10. Nd5 f5 11. Bd3 Be6 12. c3 Bg7 13. Nxb5 axb5 14. Bxb5
Rc8 15. Qa4 Bd7 16. exf5 O-O 17. O-O e4 18. Rfe1 Ne5 19. Bxd7 Nxd7 20. Qxe4 Nf6
21. Nxf6+ Qxf6 22. Red1 Rfe8 23. Qd3 Rc5 24. Qxd6 Qxf5 25. Re1 Rce5 26. Rxe5
Rxe5 27. Qb8+ Bf8 28. h3 Qf4 29. Rf1 Kg7 30. b4 Qf6 31. Rd1 Qe6 32. Rf1 Bd6 33.
Qd8 Be7 34. Qd4 Bf6 35. a4 Rg5 36. Qd2 Qc6 37. f4 Rg3 38. b5 Qe4 39. Qf2 Rxc3
40. Kh2 Qxa4 41. Qe2 Qc2 42. Qg4+ Qg6 43. Rb1 Qxg4 44. hxg4 Bh4 45. f5 Bg3+ 46.
Kg1 Bf4 47. Rb4 Bd6 48. Ra4 Rb3 49. g5 Rxb5 50. g6 hxg6 51. fxg6 Kxg6 52. Ra6
Rd5 53. Kf2 Kg5 54. Ra8 Be5 55. Ke3 Rb5 56. Ke4 f5+ 57. Kf3 Rb3+ 58. Kf2 Kg4
59. Ra4+ Bf4 60. Rc4 Rb2+ 61. Kf1 Kg5 62. Rc8 Be3 63. Re8 Kf4 64. Rg8 Ke4 65.
Re8+ Kd3 66. Rd8+ Bd4 67. g3 Ke4 68. Rd7 Kf3 69. Ke1 Be3 0-1

[Event "GBR-ch 103th"]
[Site "Bournemouth"]
[Date "2016.07.27"]
[Round "3.21"]
[White "Storey, Charles H"]
[Black "Klingher, Dominic"]
[Result "1/2-1/2"]
[WhiteElo "2256"]
[BlackElo "2117"]
[PlyCount "96"]
[EventDate "2016.07.25"]
[EventType "swiss"]
[EventRounds "11"]
[EventCountry "GBR"]

1. d4 Nf6 2. c4 c5 3. Nf3 cxd4 4. Nxd4 Nc6 5. Nc3 g6 6. e4 Bg7 7. Be3 O-O 8.
Be2 d6 9. Nc2 Bd7 10. g4 Qa5 11. O-O h6 12. f4 Rac8 13. Rf2 Rfe8 14. Rg2 Nb4
15. Nd4 Nc6 16. Nb3 Qd8 17. h4 e5 18. f5 Nd4 19. Nxd4 exd4 20. Bxd4 Nxe4 21.
Bxg7 Kxg7 22. Nd5 Qxh4 23. Qd4+ Kh7 24. fxg6+ fxg6 25. Rf1 Re5 26. Rf7+ Kg8 27.
Rxd7 Rf8 28. Qd3 Re6 29. Qe3 Qe1+ 30. Kh2 Ng5 31. Qg3 Rxe2 32. Qxe1 Rxe1 33.
Rxb7 Rf3 34. Ne7+ Kf8 35. Nxg6+ Ke8 36. Rd2 Re6 37. Rb8+ Kf7 38. Nh8+ Kg7 39.
c5 Rf4 40. cxd6 Nf3+ 41. Kg3 Nxd2 42. Kxf4 Rxd6 43. Rb7+ Kxh8 44. Rxa7 Rb6 45.
b3 Nb1 46. g5 hxg5+ 47. Kxg5 Nc3 48. Kf5 Nxa2 1/2-1/2

[Event "GBR-ch 103th"]
[Site "Bournemouth"]
[Date "2016.07.27"]
[Round "3.22"]
[White "Fallowfield, Jeremy R"]
[Black "Brown, Martin"]
[Result "0-1"]
[WhiteElo "2109"]
[BlackElo "2252"]
[PlyCount "158"]
[EventDate "2016.07.25"]
[EventType "swiss"]
[EventRounds "11"]
[EventCountry "GBR"]

1. d4 Nf6 2. c4 g6 3. f3 d5 4. cxd5 Nxd5 5. e4 Nb6 6. Nc3 Bg7 7. Be3 O-O 8. Qd2
Nc6 9. O-O-O f5 10. e5 Nb4 11. Nh3 Qe8 12. Kb1 a5 13. Rc1 Kh8 14. Be2 N6d5 15.
Nxd5 Nxd5 16. Nf4 Nxe3 17. Qxe3 c6 18. h4 Bh6 19. Rhf1 Be6 20. Bc4 Bxc4 21.
Rxc4 Rd8 22. Rc2 Rd5 23. Rc5 Rd7 24. g3 e6 25. Rc2 Bxf4 26. Qxf4 Qe7 27. Rd1
Rfd8 28. Rcd2 Rd5 29. Qh6 Qg7 30. Qf4 Qe7 31. Qh6 Qf8 32. Qf4 h6 33. Qe3 Kh7
34. g4 R8d7 35. Rd3 Rf7 36. g5 h5 37. f4 Rfd7 38. Qd2 Qd8 39. Kc2 c5 40. Qc3
cxd4 41. Qb3 Kg7 42. Kb1 Rc7 43. a3 b5 44. Rc1 Rxc1+ 45. Kxc1 Qc7+ 46. Kb1 Kf7
47. a4 Qc6 48. axb5 Rxb5 49. Qd1 Qb6 50. Rxd4 Rxb2+ 51. Ka1 Rb1+ 52. Qxb1 Qxd4+
53. Qb2 Qxb2+ 54. Kxb2 Ke7 55. Kb3 Kd7 56. Ka4 Kc6 57. Kxa5 Kd5 58. Kb5 Ke4 59.
Kc5 Kxf4 60. Kd6 Kg4 61. Kxe6 f4 62. Kd5 f3 63. e6 f2 64. e7 f1=Q 65. e8=Q Qd3+
66. Kc5 Kxh4 67. Qe5 Kg4 68. Kb4 h4 69. Qe6+ Kxg5 70. Qe7+ Kh5 71. Qe5+ Qf5 72.
Qh8+ Kg4 73. Qe8 h3 74. Qe2+ Kg5 75. Qe7+ Kh5 76. Qh7+ Kg4 77. Qe7 h2 78. Qe2+
Kg5 79. Qe7+ Kh5 0-1

[Event "GBR-ch 103th"]
[Site "Bournemouth"]
[Date "2016.07.27"]
[Round "3.23"]
[White "Asenov, Pavel"]
[Black "De Coverly, Roger D"]
[Result "1-0"]
[WhiteElo "2250"]
[BlackElo "2082"]
[PlyCount "67"]
[EventDate "2016.07.25"]
[EventType "swiss"]
[EventRounds "11"]
[EventCountry "GBR"]

1. d4 Nf6 2. c4 g6 3. Nc3 Bg7 4. e4 d6 5. f3 O-O 6. Be3 c5 7. Nge2 Nc6 8. d5
Ne5 9. Ng3 e6 10. Be2 exd5 11. cxd5 a6 12. a4 h5 13. O-O Nh7 14. Qd2 Rb8 15.
Bh6 Bd7 16. Bxg7 Kxg7 17. f4 Ng4 18. Bxg4 hxg4 19. e5 dxe5 20. fxe5 Qg5 21.
Qxg5 Nxg5 22. Nce4 Nxe4 23. Nxe4 Rbc8 24. Nd6 Rb8 25. Rf6 b5 26. Raf1 Bf5 27.
axb5 axb5 28. Nxf5+ gxf5 29. R1xf5 Ra8 30. Rg5+ Kh7 31. Rxg4 Ra1+ 32. Kf2 Rb1
33. Rf3 Rxb2+ 34. Ke1 1-0

[Event "GBR-ch 103th"]
[Site "Bournemouth"]
[Date "2016.07.27"]
[Round "3.24"]
[White "Payne, Matthew J"]
[Black "Lyell, Mark"]
[Result "1/2-1/2"]
[WhiteElo "2040"]
[BlackElo "2238"]
[PlyCount "61"]
[EventDate "2016.07.25"]
[EventType "swiss"]
[EventRounds "11"]
[EventCountry "GBR"]

1. e4 e6 2. d4 d5 3. Nc3 Nf6 4. Bg5 Bb4 5. e5 h6 6. Be3 Ne4 7. Qg4 g6 8. a3
Bxc3+ 9. bxc3 c5 10. Bd3 h5 11. Qf4 g5 12. Qf3 Nxc3 13. dxc5 Nc6 14. Qg3 h4 15.
Qxg5 Qxg5 16. Bxg5 Nxe5 17. Bf6 Rh5 18. Nf3 Nxd3+ 19. cxd3 Na4 20. Rc1 Bd7 21.
Kd2 d4 22. Bxd4 Rc8 23. Ne5 Nxc5 24. Bxc5 Rxe5 25. Bxa7 Rc6 26. Rb1 Ra6 27.
Rxb7 Rxa3 28. Rc1 Ra2+ 29. Rc2 Rxc2+ 30. Kxc2 h3 31. gxh3 1/2-1/2

[Event "GBR-ch 103th"]
[Site "Bournemouth"]
[Date "2016.07.27"]
[Round "3.25"]
[White "Willmoth, Robert F"]
[Black "Ralphs, Nigel"]
[Result "1-0"]
[WhiteElo "2189"]
[BlackElo "2000"]
[PlyCount "109"]
[EventDate "2016.07.25"]
[EventType "swiss"]
[EventRounds "11"]
[EventCountry "GBR"]

1. Nf3 d5 2. d4 Nf6 3. c4 c6 4. e3 Bf5 5. Nc3 e6 6. Nh4 Bg6 7. Be2 Nbd7 8. Qb3
Qc7 9. Bd2 Be7 10. Rc1 dxc4 11. Qxc4 Ne4 12. Nxe4 Bxe4 13. Nf3 O-O 14. O-O Rad8
15. Qa4 Qb8 16. Rfd1 Rc8 17. Bb4 Bxb4 18. Qxb4 Rfd8 19. Nd2 Bg6 20. Nc4 Nf6 21.
Ne5 Nd7 22. Nxg6 hxg6 23. f4 Nf6 24. Bf3 Nd5 25. Qa3 a6 26. Kf2 Qd6 27. Qxd6
Rxd6 28. g3 Rcd8 29. Rc5 f6 30. a3 Kf7 31. Rdc1 Ne7 32. R1c2 Rh8 33. Kg2 Nd5
34. Re2 Ne7 35. b4 Ra8 36. a4 Nd5 37. Bxd5 exd5 38. Rb2 Re6 39. Kf3 f5 40. Rc3
Kf6 41. b5 axb5 42. axb5 Ra1 43. bxc6 bxc6 44. Rb6 Ra8 45. Rcxc6 Rxc6 46. Rxc6+
Kf7 47. Rd6 Ra5 48. h4 Rb5 49. g4 Ra5 50. Rd7+ Kf8 51. gxf5 gxf5 52. h5 Rb5 53.
Kg3 Rb3 54. Kh4 Rxe3 55. Kg5 1-0

[Event "GBR-ch 103th"]
[Site "Bournemouth"]
[Date "2016.07.27"]
[Round "3.26"]
[White "Golding, Alex"]
[Black "Oyama, Akito"]
[Result "0-1"]
[WhiteElo "1961"]
[BlackElo "2183"]
[PlyCount "84"]
[EventDate "2016.07.25"]
[EventType "swiss"]
[EventRounds "11"]
[EventCountry "GBR"]

1. e4 c5 2. Nf3 Nc6 3. d4 cxd4 4. Nxd4 e5 5. Nb5 d6 6. N1c3 a6 7. Na3 Be6 8.
Nd5 Bxd5 9. exd5 Nce7 10. c4 Nf6 11. Be2 g6 12. O-O Bg7 13. b4 O-O 14. Nc2 b5
15. cxb5 Nfxd5 16. Bb2 axb5 17. Bxb5 Nf4 18. Re1 Qb6 19. a4 Rac8 20. Na3 Qb7
21. Bf1 Qxb4 22. Rb1 Qc5 23. Nb5 Nf5 24. Ba3 Qc6 25. Na7 Qa8 26. Nxc8 Rxc8 27.
g3 Nd4 28. Re3 Nd5 29. Bg2 Nxe3 30. fxe3 Nc6 31. Rb6 Qa7 32. Qb1 Qxa4 33. Bxd6
h6 34. Bd5 Kh7 35. Bxf7 e4 36. Bd5 Nd4 37. Qxe4 Qd1+ 38. Kg2 Rc2+ 39. Kh3 Qh5+
40. Qh4 Qf5+ 41. Qg4 Qf1+ 42. Bg2 Qxg2+ 0-1

[Event "GBR-ch 103th"]
[Site "Bournemouth"]
[Date "2016.07.27"]
[Round "3.27"]
[White "Coleman, David J"]
[Black "Miller, Dominic"]
[Result "1/2-1/2"]
[WhiteElo "2181"]
[BlackElo "1783"]
[PlyCount "34"]
[EventDate "2016.07.25"]
[EventType "swiss"]
[EventRounds "11"]
[EventCountry "GBR"]

1. e4 e6 2. d4 d5 3. Nc3 Bb4 4. e5 c5 5. a3 Bxc3+ 6. bxc3 Ne7 7. Qg4 cxd4 8.
Bd3 Qa5 9. Ne2 O-O 10. Bg5 Ng6 11. f4 Nd7 12. O-O dxc3 13. Bxg6 fxg6 14. Qxe6+
Rf7 15. Qe8+ Rf8 16. Qe6+ Rf7 17. Qe8+ Rf8 1/2-1/2

[Event "GBR-ch 103th"]
[Site "Bournemouth"]
[Date "2016.07.27"]
[Round "3.28"]
[White "Shaw, Peter"]
[Black "Simons, Martin J"]
[Result "1/2-1/2"]
[WhiteElo "2143"]
[BlackElo "2015"]
[PlyCount "70"]
[EventDate "2016.07.25"]
[EventType "swiss"]
[EventRounds "11"]
[EventCountry "GBR"]

1. d4 c5 2. d5 Nf6 3. c4 b5 4. cxb5 a6 5. bxa6 g6 6. Nc3 Bxa6 7. e4 Bxf1 8.
Kxf1 d6 9. Nf3 Nbd7 10. g3 Bg7 11. Kg2 O-O 12. a4 Qa5 13. Bd2 Ne8 14. Nb5 Qb6
15. Qc2 Nc7 16. Nxc7 Qxc7 17. Bc3 Rfb8 18. b3 Bxc3 19. Qxc3 Qa5 20. Qxa5 Rxa5
21. Rhb1 Ra7 22. Nd2 f5 23. exf5 Nf6 24. fxg6 hxg6 25. Nc4 Nxd5 26. Ra3 Nb4 27.
f4 Nc2 28. Ra2 Nd4 29. Rab2 Rab7 30. a5 Rb4 31. Nb6 Nc6 32. Ra2 Nxa5 33. Nd5
Rxb3 34. Rxb3 Nxb3 35. Nxe7+ Kf7 1/2-1/2

[Event "GBR-ch 103th"]
[Site "Bournemouth"]
[Date "2016.07.27"]
[Round "3.29"]
[White "Grigoryan, Meri"]
[Black "Kalavannan, Koby"]
[Result "1/2-1/2"]
[WhiteElo "1996"]
[BlackElo "2131"]
[PlyCount "102"]
[EventDate "2016.07.25"]
[EventType "swiss"]
[EventRounds "11"]
[EventCountry "GBR"]

1. d4 Nf6 2. Bf4 g6 3. Nc3 d5 4. e3 Bg7 5. Nb5 Na6 6. h3 O-O 7. Nf3 c6 8. Nc3
Nc7 9. Bd3 Nce8 10. O-O Nd6 11. Be5 Bf5 12. Nh4 e6 13. Nxf5 exf5 14. Rb1 Nfe4
15. f3 Nxc3 16. bxc3 b5 17. Bxd6 Qxd6 18. e4 fxe4 19. fxe4 dxe4 20. Bxe4 Rac8
21. Qf3 a5 22. Kh1 a4 23. Rb4 Kh8 24. Rd1 f5 25. Bd3 Rfd8 26. Be2 Qf6 27. Rd3
h6 28. Re3 Re8 29. Rb1 Qf7 30. Rxe8+ Rxe8 31. d5 Qxd5 32. Qxd5 cxd5 33. Bf3
Bxc3 34. Rxb5 Re1+ 35. Kh2 Be5+ 36. g3 d4 37. Rc5 Re3 38. Kg2 g5 39. g4 fxg4
40. Bxg4 Kg7 41. Ra5 a3 42. Ra7+ Kg6 43. Ra6+ Bf6 44. Rc6 h5 45. Bf3 h4 46. Bg4
Re1 47. Kf3 Ra1 48. Be6 Re1 49. Bg4 Ra1 50. Be6 Re1 51. Bg4 Ra1 1/2-1/2